00440nam a2200157 a 450000500170000000800410001702000150005805000240007310000230009724500600012025000120018026000330019230000270022552100090025265000210026120140310183435.0080130s19uu xx 00 eng d a0071244379 aHF 5387b.D392 2006 aDesJardins, Joseph aAn introduction to business ethics /cJoseph DesJardins a2nd ed. aU.S.A :bMcGraw-Hill,c2006. aI-10, 271 p. :c24 cm. aBSBA aBusiness ethics.